000 00618nam a2200229Ia 4500
001 18457
003 GE_BSU
008 181216s||||||||xx |||||||||||||| ||und||
020 _a9781259010866
040 _cGE_BSU
100 _aStewart, Charles J., Cash, J. W.
245 _aInterviewing: Principles and Practices
250 _aFourteenth ed.
260 _aNew York
260 _bMcGraw hill
260 _c2014
300 _a421p. 24 cm.
653 _aInterviewing: Principles and Practices
653 _aგასაუბრება
653 _aკარიერა, მართვა.
942 _cBK
999 _c51471
_d51471